00390pab a2200133 454500008004000000100002200040245006400062260000900126300001300135362001200148650004500160650002800205773002300233180718b1998 xxu||||| |||| 00| 0 eng d aKaushik, Devendra aIndia and Central Asia: renewing a traditional relationship c1998 ap.231-44 aJul-Dec aIndia - Foreign relations - Central Asia aInternational relations aSouth Asian Survey